PNL - Plus Tony que Sosa- Paroles - Statistiques

Statistiques générales
  • Ce quiz a été pris 75 fois
    68 depuis la dernière actualisation
  • Le résultat moyen est 245 sur 366
Statistiques - réponses
Paroles % Correct
à
97%
a
97%
de
97%
Sosa
97%
Tony
97%
ça
94%
comme
94%
j'ai
94%
la
94%
La
94%
se
94%
es
91%
est
91%
on
91%
On
91%
pas
91%
Pas
91%
vie
91%
baise
89%
fuck
89%
loin
89%
compris
83%
le
83%
ma
83%
Ma
83%
plus
83%
Plus
83%
s'en
83%
des
80%
Ok
80%
QLF
80%
que
80%
Que
80%
sort
80%
Au
77%
au
77%
dans
77%
Les
77%
les
77%
ne
77%
77%
ou
77%
Ouais
77%
ouais
77%
pour
77%
Tu
77%
tu
77%
eux
74%
fait
74%
fait ?
74%
qu'à
74%
du
71%
gratte
71%
l'amitié
71%
bien
69%
cagoulé
69%
en
69%
En
69%
l'anonymat
69%
pense
69%
son
69%
W'Allah
69%
mon
66%
un
66%
ils
63%
j'rêve
63%
j'sais
63%
leur
63%
sur
63%
animal
60%
combien
60%
cul
60%
hommes
60%
J'm'endors
60%
milieu
60%
mouler
60%
poches
60%
ses
60%
va
60%
benef
57%
commence
57%
et
57%
nature
57%
quand
57%
Sauvage
57%
assez
54%
chacun
54%
dealer
54%
dis
54%
donnent
54%
Habiba
54%
haine
54%
j'écris
54%
j'vais
54%
J'vais
54%
J'vois
54%
mal
54%
Mowgli
54%
premiers
54%
s'écarte
54%
solo
54%
tirelire
54%
tout
54%
très
54%
vas-y
54%
vous
54%
y'a
54%
avant
51%
bite
51%
d'futur
51%
d'partir
51%
Essonne
51%
j't'ai
51%
moins
51%
n'est
51%
ont
51%
qu'on
51%
Sheitan
51%
tant
51%
Transporte
51%
verras
51%
Vuitton
51%
augmentent
49%
Augmentent
49%
Bam-bam-bino
49%
blaze
49%
branche
49%
chemin
49%
cites
49%
devoir
49%
famille
49%
Insh'Allah
49%
j'aimerais
49%
J'arrive
49%
kilo
49%
Mais
49%
Marne
49%
merde
49%
nuit
49%
pauvre
49%
prix
49%
qui
49%
Riche
49%
rigoler
49%
s'finir
49%
sont
49%
vue
49%
bitchs
46%
cadenas
46%
c'est
46%
choisis
46%
dizaines
46%
kifferas
46%
l'halal
46%
péchés
46%
Seul
46%
sommet
46%
alors
43%
bidon
43%
Cheeta
43%
destino
43%
J'attends
43%
l'haram
43%
per-pom
43%
Prononces
43%
qu'mes
43%
ter-mon
43%
tête
43%
toi
43%
bague
40%
démons
40%
dis-le
40%
empilés
40%
l'passé
40%
regardais
40%
terrain
40%
36
37%
d'où
37%
Facebook
37%
fois
37%
l'assiette
37%
Rampampampam
37%
solutions
37%
Télétubbies
37%
tombe
37%
Twitter
37%
2-3-4
34%
dents
34%
d'soucis
34%
d'Val
34%
l'présent
34%
milliers
34%
Nabil
34%
Orfèvres
34%
première
34%
qu'la
34%
s'vend
34%
tarots
34%
vendait
34%
barres
31%
jusqu'au
31%
laissé
31%
l'visage
31%
photo
31%
souflettes
31%
cabriolet
29%
Correr
29%
frottent
29%
sera
29%
un tube
29%
t'schlasser
26%
ber-tom
20%
qu'suis
6%
Aucun quiz correspondant
Distribution des résultats
% des personnes avec chaque résultat
Percentile par nombre de réponses
Votre historique - résultats
Vous n’avez pas pris ce quiz depuis la dernière actualisation